Analýza príjmov a výdavkov domácností v SR bakalárska práca

Saved in:
Bibliographic Details
Main Author: Polakovič, Tomáš
Corporate Author: Fakulta hospodárskej informatiky EU. Katedra štatistiky
Other Authors: Labudová, Viera, 1958-
Format: Book
Language:Slovak
Published: Bratislava 2010
Tags: Add Tag
No Tags, Be the first to tag this record!

MARC

LEADER 00000nbm a2200000 4500
001 0138889
005 20161109111605.2
041 0 |a slo 
044 |a SK 
245 1 0 |a Analýza príjmov a výdavkov domácností v SR  |b bakalárska práca  |c Tomáš Polakovič ; školiteľ: Viera Labudová 
264 1 |a Bratislava  |c 2010 
300 |a 35 s. 
100 1 |a Polakovič, Tomáš 
700 1 |a Labudová, Viera, 1958- 
710 2 |a Fakulta hospodárskej informatiky EU. Katedra štatistiky